| 000 | 00619nam a2200253Ia 4500 | ||
|---|---|---|---|
| 005 | 20260330155108.0 | ||
| 008 | 008 300114s9999 xx 000 0 eng d | ||
| 020 | _a9780745694689 | ||
| 037 | _aEBOOK | ||
| 040 | _aCRL | ||
| 040 | _beng | ||
| 040 | _cCRL | ||
| 041 | _2eng | ||
| 041 | _aeng | ||
| 084 | _qCRL | ||
| 245 | 0 | _aEichmann's Jews: The Jewish Administration of Holocaust Vienna, 1938-1945 | |
| 260 | _bWiley | ||
| 260 | _c2014 | ||
| 650 | _aHistory | ||
| 856 | _uhttps://wileysgp.ipublishcentral.net/product-details/7240 | ||
| 942 | _cEBOOK | ||
| 999 |
_c1843857 _d1843857 |
||